00386nam a22001337a 4500003000400000005001700004008004100021020001800062040000700080082001100087100002300098245011000121300002100231OSt20220308100953.0220308b |||||||| |||| 00| 0 eng d a9788125927761 cHU a627.54 aBhattacharya A..K  aLand drainage b principles, methods, and applicationsc Bhattacharya, A. K; Michael, A. M. 1930-2021 aIX.757 PbPCc25